Cọc khoan nhồi trong vùng hang động Castơ

Spremljeno u:
Bibliografski detalji
Glavni autor: Nguyễn, Viết Trung
Format: Knjiga
Jezik:Undetermined
Izdano: Hà Nội Xây dựng 2004
Teme:
Oznake: Dodaj oznaku
Bez oznaka, Budi prvi tko označuje ovaj zapis!
Thư viện lưu trữ: Trung tâm Học liệu Trường Đại học Cần Thơ
LEADER 00616nam a2200193Ia 4500
001 CTU_92464
008 210402s9999 xx 000 0 und d
020 |c 16000 
082 |a 624.154 
082 |b Tr513 
100 |a Nguyễn, Viết Trung 
245 0 |a Cọc khoan nhồi trong vùng hang động Castơ 
245 0 |c Nguyễn Viết Trung, Nguyễn Tuấn Anh 
260 |a Hà Nội 
260 |b Xây dựng 
260 |c 2004 
650 |a Civil engineering,Industrial constrution,Pile foundations 
904 |i Tuyến 
980 |a Trung tâm Học liệu Trường Đại học Cần Thơ